000 00866nam a2200217Ia 4500
003 OSt
005 20200821133843.0
008 191128s1971 s ad gr 000 0 spa d
040 _aCo-JMCR
_cCo-JMCR
041 0 _aspa
082 0 4 _a368.4004 /
_bM357p
_223
100 1 _aEastman, Jorge Mario,
_eautor
_91694
245 1 4 _aUna política de seguridad social /
_cJorge Mario Eastman
260 _a[Ginebra] :
_bMinisterio de trabajo y seguridad social,
_c1971.
300 _a[271] páginas :
_bilustraciones, graficos a balnco y negro ;
_c24 cm.
505 0 _aUna política de seguridad / Jorge Mario Eastman -- Reorganización y refinanciación de la caja nacional de pre-reajuste de pensiones en el sector público y privado
650 2 4 _aDecreto
_98477
650 2 4 _aEguridad social
_xCódigo
_99060
650 2 4 _aProcedimiento Laboral
_98630
942 _2ddc
_cBK
999 _c6046
_d6046